Tekstil´nyje volokna, prjaža i tkani.
Uložené v:
| Hlavný autor: | |
|---|---|
| Médium: | Kniha |
| Jazyk: | Slovak |
| Vydané: |
Mva,
1960.
|
| Fyzický popis: |
564 s. |
| Tagy: |
Pridať tag
Žiadne tagy, Buďte prvý kto otaguje tento záznam!
|
Titul je dostupný aj v ... 

MARC
| LEADER | 00000nam a22000004a 4500 | ||
|---|---|---|---|
| 001 | 000621237 | ||
| 005 | 20190816084150.0 | ||
| 008 | 190816s1960 xo e 000 0 slo d | ||
| 040 | |a SVKKK |b slo |c SVKKK |e AACR2 | ||
| 100 | 1 | |a Kaswell, R. R. | |
| 245 | 1 | 0 | |a Tekstil´nyje volokna, prjaža i tkani. |
| 260 | |a Mva, |c 1960. | ||
| 300 | |a 564 s. | ||
| 500 | |a Záznam revízie | ||
| 910 | |a svkkk | ||
| 998 | |a BK | ||
| 090 | |g SCKHL |k Sklad Pribinova 2. posch. |a III.80716 |j 199351 |i 2720670722 |4 Zastaraná |s Vyradená | ||